Mi último suspiro / (Registro nro. 856441)

Detalles MARC
000 -CABECERA
campo de control de longitud fija 02099aam a2200397 i 4500
003 - IDENTIFICADOR DEL NÚMERO DE CONTROL
campo de control CO-MdUADB
005 - FECHA Y HORA DE LA ÚLTIMA TRANSACCIÓN
campo de control 20251007082330.0
007 - CAMPO FIJO DE DESCRIPCIÓN FÍSICA--INFORMACIÓN GENERAL
campo de control de longitud fija ta
008 - DATOS DE LONGITUD FIJA--INFORMACIÓN GENERAL
campo de control de longitud fija 230421s sp o|||gr|||| 000 0aspa d
020 ## - NÚMERO INTERNACIONAL ESTÁNDAR DEL LIBRO
Número Internacional Estándar del Libro 8401340748
040 ## - FUENTE DE LA CATALOGACIÓN
Centro catalogador/agencia de origen CO-MdUADB
Lengua de catalogación spa
Centro/agencia transcriptor CO-MdUADB
Normas de descripción rda
041 1# - CÓDIGO DE LENGUA
Código de lengua del texto/banda sonora o título independiente spa
Código de lengua original fre
082 04 - NÚMERO DE LA CLASIFICACIÓN DECIMAL DEWEY
Número de clasificación 791.43023092
Número de documento/Ítem B989
084 ## - OTRO NÚMERO DE CLASIFICACIÓN
Número de clasificación B
100 1# - ENTRADA PRINCIPAL--NOMBRE DE PERSONA
Nombre de persona Buñuel, Luis,
Fechas asociadas al nombre 1900-1983
Término indicativo de función/relación Autor/a
9 (RLIN) 868131
245 10 - TÍTULO PROPIAMENTE DICHO
Título propiamente dicho Mi último suspiro /
Mención de responsabilidad, etc. Luis Buñuel
246 15 - FORMA VARIANTE DE TÍTULO
Título Mon dernier soupir
246 14 - FORMA VARIANTE DE TÍTULO
Título Mi último suspiro (memorias)
250 ## - MENCIÓN DE EDICIÓN
Mención de edición 1. edición
264 #1 - PRODUCCIÓN, PUBLICACIÓN, DISTRIBUCIÓN, FABRICACIÓN Y COPYRIGHT
Producción, publicación, distribución, fabricación y copyright Barcelona :
Nombre del de productor, editor, distribuidor, fabricante Plaza & Janes Editores,
Fecha de producción, publicación, distribución, fabricación o copyright 1982
300 ## - DESCRIPCIÓN FÍSICA
Extensión 251 páginas :
Otras características físicas fotografías,
Dimensiones 21 cm.
336 ## - TIPO DE CONTENIDO
Fuente rdacontent
Término de tipo de contenido texto
Código de tipo de contenido txt
337 ## - TIPO DE MEDIO
Nombre/término del tipo de medio no mediado
338 ## - TIPO DE SOPORTE
Nombre/término del tipo de soporte volumen
377 ## - IDIOMA ASOCIADO
Código del idioma fre
Término de lengua/lenguaje Francés
380 ## - FORMA DE LA OBRA
Fuente del término tgfbne
Forma de la obra Memorias
490 1# - ÁREA DE SERIE
Mención de serie (La Vida es Río)
500 ## - NOTA GENERAL
Nota general Incluye índice.
520 3# - SUMARIO, ETC.
Nota de Sumario, etc. «No soy un hombre de letras —dice Luis Buñel—. Tras largas conversaciones, Jean-Claude Carrière, fiel a cuanto yo le conté, me ayudó a escribir este libro.» Mi último suspiro es el fruto de dieciocho años de trabajo y de amistad entre Luis Buñuel y de Jean-Claude Carrière. Juntos han hecho seis películas, ¡y qué películas!: El diario de una camarera, Belle de Jour, La vía láctea, El discreto encanto de la burguesía, El fantasma de la libertad, Ese oscuro objeto del deseo. El libro nació, espontáneamente, de sus entrevistas en España y México en el intervalo de las sesiones de trabajo; el uno, evocando sus recuerdos, el otro, recogiendo las palabras de su amigo y anotándolas. De este modo, en Mi último suspiro se oyen la voz y las propias palabras de Luis Buñel. [Tomado de la solapa delantera del libro].
600 14 - PUNTO DE ACCESO ADICIONAL DE MATERIA--NOMBRE DE PERSONA
Nombre de persona Buñuel, Luis,
Fechas asociadas al nombre 1900-1983
9 (RLIN) 868131
650 #7 - PUNTO DE ACCESO ADICIONAL DE MATERIA--TÉRMINO DE MATERIA
Término de materia o nombre geográfico como elemento de entrada Productores y directores de cine
Subdivisión geográfica España
Fuente del encabezamiento o término armarc
9 (RLIN) 73992
650 27 - PUNTO DE ACCESO ADICIONAL DE MATERIA--TÉRMINO DE MATERIA
9 (RLIN) 219592
Fuente del encabezamiento o término lemb
Término de materia o nombre geográfico como elemento de entrada Cine
Subdivisión general Historia
Subdivisión geográfica España
700 1# - ENTRADA AGREGADA--NOMBRE PERSONAL
Nombre de persona Fuente, Ana María de la,
Fechas asociadas al nombre 1932-
Término indicativo de función/relación Traductor/a
9 (RLIN) 767291
830 #3 - PUNTO DE ACCESO ADICIONAL DE SERIE-TÍTULO UNIFORME
9 (RLIN) 861671
Título uniforme La Vida es Río (Plaza & Janés Editores)
942 ## - ELEMENTOS DE ENTRADA AGREGADA (KOHA)
Fuente del sistema de clasificación o colocación Clasificación Decimal Dewey
Tipo de ítem Koha Libros
Existencias
Estado de retiro Estado de pérdida Fuente del sistema de clasificación o colocación Estado dañado No para préstamo Código de colección Localización permanente Ubicación/localización actual Fecha de adquisición Fuente de adquisición Forma de adquisición Coste, precio normal de compra Total de préstamos Signatura topográfica completa Código de barras Fecha visto por última vez Precio válido a partir de Tipo de ítem Koha Restricciones de uso Nota pública
    Clasificación Decimal Dewey     Colección de Biografías. Piso 1 Biblioteca Carlos Gaviria Díaz, Campus Medellín Biblioteca Carlos Gaviria Díaz, Campus Medellín 15/12/2023 Material Adquirido por Donación Donación 16000.00   B B942m 1982 01106713 16/04/2026 15/12/2023 Libros    
    Clasificación Decimal Dewey     Biblioteca Personal Carlos Gaviria Díaz Biblioteca Carlos Gaviria Díaz, Campus Medellín Biblioteca Carlos Gaviria Díaz, Campus Medellín 21/04/2023 Familia Carlos Gaviria Díaz Donación 35000.00   CGD 791.43023092 B989 01104722 21/04/2023 21/04/2023 Libros - Reserva Acceso restringido Autógrafos | Subrayado | Marcas